LDR 00854nam a2200181 i 4500 001 000000029377 003 CaOOAMICUS 005 20260429085517.0 008 180830s1876 fr u000 u fre u 040 $aSeMil$bita 100 1 $aPierre Julien : Eymard
.$0(OLS)http://semarc/name/5356 245 13$aLa divine eucharistie :$bextraits des écrits et des sermons du T. R. P. Eymard, fondateur de la Société du Très-Saint-Sacrement. 260 $aParis :$bH. Mignard,$cimprim. 1876. 300 $a4 v. ;$c16 cm. 774 0 $tEucharistie et la perfection chretienne.$g4$w()226677 996 $6245$aLa divine eucharistie :$bextraits des écrits et des sermons du T. R. P. Eymard, fondateur de la Société du Très-Saint-Sacrement$9(OLS)http://semarc/title/39914 996 $6260$aParis :$bH. Mignard$9(OLS)http://semarc/publisher/38082